Statistics for Top 10 US States with the Most Spanish Speakers

Click here to take the quiz!

General Stats

  • This quiz has been taken 462 times
  • The average score is 8 of 10

Answer Stats

NumberUS State% Correct
4,303,949California
98%
2,369,036Texas
98%
1,187,335Florida
95%
435,186Arizona
93%
1,182,068New York
93%
246,269Georgia
75%
202,883Colorado
74%
665,995Illinois
74%
483,069New Jersey
65%
218,792North Carolina
53%

Score Distribution

Percentile by Number Answered

Percent of People with Each Score

Your Score History

You have not taken this quiz